000 02062nam a2200289Ia 4500
001 H4204
003 IT-RoPAU
008 130308s9999 xx 000 0 und d
040 _aIT-RoPAU
040 _cIT-RoPAU
041 _aITALIANO
100 _aLapenta Stefania
100 _gCodice Aut. SPICS: 57566
245 _aCezanne
245 _bCezanne
250 _a1a ed.
260 _aMILANO
260 _bCorriere Della Sera
260 _c2003 [1° Ed.:2003 - Ed.Ling.Originale:2003]
300 _a"192 p. (prefazione: no ; testo: 192 [pagine: 0-0])"
500 _a"Presentazione di Alfonso Gatto: Occhio che Vede Dentro Il suo Vedere. La Vita, L'Arte e I capolavori a cura di Lapenta Stefania. Apparati: tavola Cronologica; collocazione Geografica delle Opere; breve Antologia Critica; consigli Bibliografici. I Capolavori: la Maddalena; Natura Morta; ritratto di Achille Emperaire; Vaso, Caffettiera e Frutta; Ragazza al Pianoforte; Paul Alexis legge un manoscritto a Emile Zola; Terrapieno; I Ladri e L'Asino; Pastorale; la Casa dell'Impiccato; la Casa del dottor Gavhet a Auvers; una moderna Olympia; tre Bagnanti; Autoritratto con Berretto; la tentazione di Sant'Antonio; ritratto di Victor Chocquet; cortile di Fattoria a Auvers; I Pioppi; Il Ponte di Maincy; Neve Sciolta a Fontainebleau; Autoritratto con Cappello; Autoritratto; Autoritratto; L'Estaque; Castagni e Fattoria al Jas De Bouffan; Bagnante; Castagni e Fattoria del Jas De Bouffan; Martedi' Grasso; ritratto di madame Cezanne nella Poltrona Gialla; Il Ragazzo con Il Panciotto Rosso; le Rive della Marna; la Casa di Bellevue; Zuccheriera, Bricco e Piatto con Frutta; Bagnanti; ritratto di madame Cezanne; Fumatore di Pipa; I giocatori di Carte; Uomo con Pipa Appoggiato a un Tavolo; donna con Caffettiera; Ponte Sullo Stagno; Natura morta con Mele; Natura morta con Cipolle; strada a Montgeroult; Natura morta con Mele e Arance; Bagnanti; Bouquet"
650 _aAUTORI/OPERE DI PITTURA
650 _eCodice materia Spics: 5207
942 _cBK
957 _71
999 _c91182
_d91182
999 _g1